Countries Most Similar to Algeria - Statistics

General Stats
  • This quiz has been taken 35 times
  • The average score is 16 of 20
Answer Stats
Hint Answer % Correct
79 Libya
100%
82.1 Morocco
100%
79.7 Egypt
97%
81.9 Tunisia
97%
74.5 Mauritania
90%
70.3 Saudi Arabia
87%
67.1 Sudan
87%
77 Jordan
84%
67.7 Iran
81%
67.4 Lebanon
81%
75.3 Syria
81%
65.3 United Arab Emirates
81%
68.2 Yemen
81%
75.8 Iraq
77%
68.6 Oman
77%
64.5 Qatar
77%
63.8 Bahrain
74%
66.2 Kuwait
71%
67.6 Palestine
61%
67.4 Djibouti
35%
No matching quizzes found
Score Distribution
Percent of People with Each Score
Percentile by Number Answered
Your Score History
You have not taken this quiz